Normal view
MARC view
- العليلي، موسى بناي
Entry Personal Name
001 - CONTROL NUMBER
- control field: 36627
003 - CONTROL NUMBER IDENTIFIER
- control field: JO-AjAnu
005 - DATE AND TIME OF LATEST TRANSACTION
- control field: 20230606080120.0
008 - FIXED-LENGTH DATA ELEMENTS
- fixed length control field: 230606|| aca||aabn | a|a d
040 ## - CATALOGING SOURCE
- Original cataloging agency: JO-AjAnu
- Transcribing agency: JO-AjAnu
100 ## - HEADING--PERSONAL NAME
- Personal name: العليلي، موسى بناي
670 ## - SOURCE DATA FOUND
- Source citation: Work cat.: (JO-AjAnu)18802: العليلي، موسى بناي, author, الهجرة والنصرة في القرآن الكريم